Score 0/14 Timer 01:30
11 Plays Today
% Correct
New Hampshire
88.5%
Hawaii
87.8%
Washington
83.3%
North Dakota
82.6%
North Carolina
81.4%
South Dakota
79.8%
South Carolina
79%
% Correct
Ohio
78.8%
Michigan
75.4%
Idaho
72.4%
Utah
67.5%
Rhode Island
66.5%
Massachusetts
62.8%
Oklahoma
62%
Remove Ads.
Support Sporcle.
Get the best of Sporcle when you Go Orange. This ad-free experience offers more features, more stats, and more fun while also helping to support Sporcle. Thank you for becoming a member.

You're not logged in!

Compare scores with friends on all Sporcle quizzes.
OR
Log In

Show Comments

Extras

Top Quizzes Today


Score Distribution

Your Account Isn't Verified!

In order to create a playlist on Sporcle, you need to verify the email address you used during registration. Go to your Sporcle Settings to finish the process.

Report this User

Report this user for behavior that violates our Community Guidelines.

Details: